00297nam a2200109Ia 4500008004100000082001700041100001200058245004600070250000800116260002300124650004000147150201s2009 xx 000 0 und d a616.07bE09K aKUMAR,N aEDUCATIONAL TECHNOLOGY THEORY & PRACTICES a1ST bAITBSaDELHIc2009 aOTHER CLINICAL & NON CLINICAL BOOKS